Síntesis del DNA
Uloženo v:
| Hlavní autor: | |
|---|---|
| Médium: | Kniha |
| Jazyk: | španělština |
| Vydáno: |
Madrid
H. Blume
1978
|
| Témata: | |
| Tagy: |
Přidat tag
Žádné tagy, Buďte první, kdo vytvoří štítek k tomuto záznamu!
|
MARC
| LEADER | 00000nam a2200000 a 4500 | ||
|---|---|---|---|
| 001 | UCT3806 | ||
| 003 | CL-VaPUC | ||
| 008 | 961031e19780000SP |||||||||||||||||spa|d | ||
| 082 | 0 | 4 | |a 572.86 |b KOR |2 21 |
| 100 | 0 | |a Kornberg, Arthur |e author |9 372820 | |
| 245 | 1 | 0 | |a Síntesis del DNA |
| 300 | |a 450 p | ||
| 942 | |c BK | ||
| 945 | |d 19961031 00:00:00 |a cmena | ||
| 260 | |a Madrid |b H. Blume |c 1978 | ||
| 650 | 0 | |a Ácido desoxirribonucleico (ADN) |9 361158 | |
| 650 | 0 | |a Citología |9 261432 | |
| 650 | 0 | |a Biología celular |9 341055 | |
| 650 | 0 | |a Genética |9 259443 | |
| 650 | 0 | |a Estructura molecular |9 306892 | |
| 583 | |a last modification |c 19961031 00:00:00 |k Rodrigo Vera | ||
| 999 | |c 253336 |d 253334 | ||
| 952 | |0 0 |1 0 |4 0 |6 572_860000000000000_KOR_1978 |7 0 |8 A |9 274040 |a BIBCUR |b BIBCUR |d 2019-11-19 |i 1772597 |l 1 |o 572.86 KOR 1978 |p 1772597 |r 2025-04-22 |s 2024-06-11 |w 2019-11-19 |y BK |k BCB | ||